[Event "South Wales op 16th"]
[Site "Cardiff"]
[Date "2019.07.07"]
[Round "2"]
[White "Hirst, Joe"]
[Black "Jukes, Sam"]
[Result "0-1"]
[WhiteElo "1632"]
[BlackElo "1895"]
[PlyCount "62"]
[EventDate "2019.07.07"]
[EventType "swiss"]
[EventRounds "9"]
[EventCountry "WLS"]
[SourceTitle "CBM 191 Extra"]
[Source "ChessBase"]
[SourceDate "2019.09.30"]
[SourceVersion "1"]
[SourceVersionDate "2019.09.30"]
[SourceQuality "1"]

1. e4 e5 2. Nf3 Nc6 3. Bc4 Nf6 4. d3 Be7 5. c3 0-0 6. 0-0 d6 7. Re1 Kh8 8. h3 Ng8 9. Nbd2 f5 10. Nf1 Nf6 11. Ng3 fxe4 12. dxe4 Na5 13. Bb3 Nxb3 14. Qxb3 Qe8 15. Nh4 Nh5 16. Nhf5 Nxg3 17. Nxg3 Qg6 18. c4 b6 19. Qd3 Bb7 20. Bd2 Rf7 21. Nf5 Rxf5 22. b4 Raf8 23. Re2 Bh4 24. f4 Rxf4 25. Bxf4 Rxf4 26. Rf1 Qf6 27. Rxf4 Qxf4 28. c5 Bg3 29. Qc2 Ba6 30. cxd6 Bxe2 31. Qxe2 Qc1+ 0-1

[Event "World School-ch U13"]
[Site "Antalya"]
[Date "2019.04.20"]
[Round "3"]
[White "Aslanov, Umid Fuad"]
[Black "Hirst, Joe"]
[Result "1/2-1/2"]
[WhiteElo "1870"]
[BlackElo "1638"]
[PlyCount "64"]
[EventDate "2019.04.18"]
[EventType "swiss"]
[EventRounds "9"]
[EventCountry "TUR"]
[SourceTitle "CBM 190 Extra"]
[Source "ChessBase"]
[SourceDate "2019.07.15"]
[SourceVersion "1"]
[SourceVersionDate "2019.07.15"]
[SourceQuality "1"]

1. e4 c5 2. c3 d5 3. exd5 Qxd5 4. d4 cxd4 5. cxd4 Nf6 6. Nc3 Qd8 7. h3 Bf5 8. Bb5+ Nbd7 9. Nf3 a6 10. Bc4 e6 11. 0-0 Nb6 12. Bb3 Be7 13. Bf4 0-0 14. Re1 Nfd5 15. Bd2 Rc8 16. a3 Nc4 17. Bxc4 Rxc4 18. Qe2 Rc7 19. Rac1 Nxc3 20. Bxc3 Qc8 21. Qd2 b6 22. Qe3 Qb7 23. Ne5 Bd6 24. Nf3 Rfc8 25. Nh4 Bg6 26. Nxg6 hxg6 27. Qd3 b5 28. Bd2 Rxc1 29. Rxc1 Rxc1+ 30. Bxc1 Qd5 31. Qc3 Kh7 32. Be3 Qe4 1/2-1/2

[Event "BCF-chT4S 1819 (4NCL)"]
[Site "England"]
[Date "2019.02.09"]
[Round "5.66"]
[White "Hirst, Joe"]
[Black "Dharmasena, Kian"]
[Result "1/2-1/2"]
[WhiteElo "1615"]
[BlackElo "1757"]
[PlyCount "137"]
[EventDate "2018.11.17"]
[EventType "team-swiss"]
[EventRounds "11"]
[EventCountry "ENG"]
[SourceTitle "EXT 2021"]
[Source "ChessBase"]
[SourceDate "2020.10.23"]
[SourceVersion "1"]
[SourceVersionDate "2020.10.23"]
[SourceQuality "1"]
[WhiteTeam "Wood Green Youth"]
[BlackTeam "Poisoned Pawns Next Generation"]
[WhiteTeamCountry "ENG"]
[BlackTeamCountry "ENG"]

1. e4 e5 2. Nf3 Nc6 3. Bc4 Bc5 4. c3 Nf6 5. d4 exd4 6. e5 d5 7. Bb5 Ne4 8. cxd4 Bb4+ 9. Bd2 Nxd2 10. Nbxd2 0-0 11. a3 Be7 12. 0-0 a6 13. Bxc6 bxc6 14. Qc2 Bd7 15. Nb3 Qb8 16. Rab1 f6 17. Nc5 Bxc5 18. Qxc5 Qe8 19. Rfe1 Qg6 20. Rbc1 Bg4 21. Rc3 Bxf3 22. Rxf3 fxe5 23. Rxf8+ Rxf8 24. dxe5 Re8 25. g3 Qh6 26. f4 Qe6 27. Rc1 g5 28. Qxc6 Qxc6 29. Rxc6 gxf4 30. gxf4 Rf8 31. Rxc7 Rxf4 32. Rd7 Re4 33. Rxd5 Kf7 34. Rd6 a5 35. Rd5 a4 36. Kf2 Ke6 37. Ra5 Rc4 38. Kf3 Rc2 39. Rxa4 Rxb2 40. h4 Kxe5 41. Rb4 Ra2 42. a4 Kf6 43. Ke3 Ke6 44. Kd4 Kd6 45. Rb6+ Kc7 46. Ra6 Kb7 47. Ra5 Kb6 48. Rb5+ Kc6 49. Rc5+ Kd6 50. Rc4 Ra3 51. Ke4 Ke6 52. Rc6+ Kd7 53. Ra6 Kc7 54. Ra7+ Kb6 55. Rxh7 Rxa4+ 56. Kf5 Kc6 57. h5 Kd6 58. h6 Ra1 59. Rg7 Rf1+ 60. Kg6 Ke6 61. Kh7 Ra1 62. Kh8 Kf6 63. Rg8 Ra2 64. h7 Ra7 65. Rc8 Kg6 66. Kg8 Rg7+ 67. Kh8 Rxh7+ 68. Kg8 Ra7 69. Rc6+ 1/2-1/2

[Event "Telford 4NCL U1825 op"]
[Site "Telford"]
[Date "2018.11.02"]
[Round "4"]
[White "Shepherd, Graham C"]
[Black "Hirst, Joe"]
[Result "1/2-1/2"]
[WhiteElo "1416"]
[BlackElo "1425"]
[PlyCount "70"]
[EventDate "2018.10.31"]
[EventType "swiss"]
[EventRounds "9"]
[EventCountry "ENG"]
[SourceTitle "CBM 187 Extra"]
[Source "ChessBase"]
[SourceDate "2018.11.04"]
[SourceVersion "1"]
[SourceVersionDate "2018.11.04"]
[SourceQuality "1"]

1. e4 c5 2. Nf3 e6 3. d3 Nc6 4. g3 Qc7 5. Bg2 Nf6 6. 0-0 d5 7. exd5 Nxd5 8. Nbd2 Nf6 9. Re1 b5 10. Nf1 Bb7 11. Bf4 Bd6 12. Bxd6 Qxd6 13. Ne3 0-0 14. Qe2 Rab8 15. Rad1 Nd4 16. Nxd4 cxd4 17. Bxb7 Rxb7 18. Ng2 Nd5 19. a3 Rc7 20. Rd2 b4 21. axb4 Nxb4 22. Rc1 Rfc8 23. Ne1 Qb6 24. Ra1 Nxc2 25. Rxc2 Rxc2 26. Nxc2 Qxb2 27. Rxa7 h6 28. Nxd4 Qxd4 29. Ra2 Rc1+ 30. Kg2 Qd5+ 31. f3 g5 32. Rc2 Rxc2 33. Qxc2 g4 34. Qe2 f5 35. Kf2 Qd4+ 1/2-1/2

[Event "GBR-ch Yates op 105th"]
[Site "Hull"]
[Date "2018.07.28"]
[Round "3"]
[White "Wilson, Jeff"]
[Black "Hirst, Joe"]
[Result "1/2-1/2"]
[WhiteElo "103"]
[BlackElo "111"]
[PlyCount "49"]
[EventDate "2018.07.27"]
[EventType "swiss"]
[EventRounds "5"]
[EventCountry "ENG"]
[SourceTitle "EXT 2021"]
[Source "ChessBase"]
[SourceDate "2020.10.23"]
[SourceVersion "1"]
[SourceVersionDate "2020.10.23"]
[SourceQuality "1"]

1. e4 c5 2. Nc3 Nc6 3. f4 g6 4. Bc4 Bg7 5. Nf3 e6 6. d3 Nge7 7. 0-0 0-0 8. Qe1 d5 9. Bb3 a6 10. a4 Nd4 11. Nxd4 Bxd4+ 12. Kh1 Bg7 13. Ne2 Bd7 14. Ng3 Qc7 15. c3 Rae8 16. e5 Bc6 17. d4 cxd4 18. cxd4 Qb6 19. Qd1 Rc8 20. Bc2 Bd7 21. b3 Rc7 22. Ba3 Rfc8 23. Bxe7 Rxc2 24. b4 R2c4 25. Bc5 1/2-1/2